A writer's Reference .(7th edition) (Record no. 62221)

MARC details
000 -LEADER
fixed length control field 00700nam a2200181 a 4500
008 - FIXED-LENGTH DATA ELEMENTS--GENERAL INFORMATION
fixed length control field 210413s2011 ||||||||||||||||| || u
020 ## - INTERNATIONAL STANDARD BOOK NUMBER
International Standard Book Number 9781457617782
050 ## - LIBRARY OF CONGRESS CALL NUMBER
Classification number PE 1404 Hac
100 ## - MAIN ENTRY--PERSONAL NAME
Personal name Hacker, Diana
245 10 - TITLE STATEMENT
Title A writer's Reference .(7th edition)
Statement of responsibility, etc. By Diana Hacker; Nancy Sommers
250 ## - EDITION STATEMENT
Edition statement 7th edition
260 ## - PUBLICATION, DISTRIBUTION, ETC.
Place of publication, distribution, etc. New York
Name of publisher, distributor, etc. Harvard university
Date of publication, distribution, etc. 2011
300 ## - PHYSICAL DESCRIPTION
Extent xxvi, various pages: illustrations
350 ## - PRICE (NR) (BK AM CF MU VM SE) [OBSOLETE]
Price 47.26
650 ## - SUBJECT ADDED ENTRY--TOPICAL TERM
Topical term or geographic name entry element ENGLISH LANGUAGE--RHETORIC--HANDBOOKS, MANUALS, ETC
700 ## - ADDED ENTRY--PERSONAL NAME
Personal name Sommers, Nancy
995 ## - RECOMMENDATION 995 [LOCAL, UNIMARC FRANCE]
-- CBU-MAIN LIBRARY (Kitwe)
-- 47.26
-- 1
-- AVAILABLE
-- Apr 14, 2021
-- Main Library Open Access Collection
Holdings
Withdrawn status Lost status Source of classification or shelving scheme Damaged status Not for loan Home library Current library Shelving location Date acquired Total Checkouts Full call number Barcode Date last seen Price effective from Koha item type
          CBU-MAIN LIBRARY, KITWE. CBU-MAIN LIBRARY, KITWE.   11/30/2022   PE 1404 Hac 750976 11/30/2022 11/30/2022 MONOGRAPH